[Event "Titled Tuesday intern op 13th Feb Early"]
[Site "Chess.com INT"]
[Date "2024.02.13"]
[Round "1"]
[White "Cervantes Landeiro, Thalia"]
[Black "Vila Dupla, Aurelio"]
[Result "1-0"]
[WhiteElo "2204"]
[BlackElo "2042"]
[PlyCount "71"]
[EventDate "2024.02.13"]
[EventType "swiss (blitz)"]
[EventRounds "11"]
[EventCountry "USA"]
[SourceTitle "CB08_2024"]
[SourceDate "2024.02.21"]
[SourceVersion "1"]
[SourceVersionDate "2024.02.21"]
[SourceQuality "1"]

1. d4 d5 2. c4 c6 3. Nf3 e6 4. e3 f5 5. Bd3 Nf6 6. b3 Bd6 7. Nbd2 0-0 8. Bb2 Bd7 9. Ne5 Be8 10. 0-0 Bh5 11. Qc2 Nbd7 12. f3 c5 13. cxd5 Nxd5 14. Rae1 Rc8 15. Ndc4 Bb8 16. Qd2 b5 17. Nxd7 Qxd7 18. Na5 Nb4 19. g3 Qc7 20. Bxb5 Qxa5 21. Bd7 Rcd8 22. Bxe6+ Bf7 23. Bxf5 cxd4 24. Bxd4 Be5 25. Be4 Bxd4 26. exd4 Qb6 27. Rd1 Bd5 28. a3 Bxe4 29. axb4 Bd5 30. Qd3 Rb8 31. Rfe1 Qxb4 32. Re7 Qxb3 33. Qd2 Rf7 34. Rxf7 Bxf7 35. Rf1 Qb6 36. Qf4 1-0

[Event "Titled Tuesday intern op 16th Jan Late"]
[Site "Chess.com INT"]
[Date "2024.01.16"]
[Round "4"]
[White "Korchmar, Vasiliy"]
[Black "Cervantes Landeiro, Thalia"]
[Result "1-0"]
[WhiteElo "2438"]
[BlackElo "2184"]
[PlyCount "99"]
[EventDate "2024.01.16"]
[EventType "swiss (blitz)"]
[EventRounds "11"]
[EventCountry "USA"]
[SourceTitle "CB04_2024"]
[SourceDate "2023.10.16"]
[SourceVersion "1"]
[SourceVersionDate "2023.10.16"]
[SourceQuality "1"]

1. e4 c5 2. d4 cxd4 3. Qxd4 Nc6 4. Qd3 g6 5. Nc3 Bg7 6. Nf3 d6 7. Be2 Nf6 8. 0-0 0-0 9. Nd5 Bg4 10. c3 Nd7 11. Bg5 h6 12. Bh4 g5 13. Bg3 Nde5 14. Nxe5 Nxe5 15. Qd2 Bxe2 16. Qxe2 Ng6 17. f4 e6 18. Ne3 gxf4 19. Bxf4 Nxf4 20. Rxf4 Kh7 21. Raf1 Qe7 22. Qh5 f6 23. Ng4 Rf7 24. R1f3 f5 25. exf5 exf5 26. Rxf5 Rxf5 27. Qxf5+ Kh8 28. Qf7 Re8 29. Qxe7 Rxe7 30. Kf2 Kg8 31. Ne3 Be5 32. Nc4 b5 33. Nxe5 dxe5 34. Ke3 Kg7 35. Ke4 Kg6 36. Rf5 Rd7 37. Rxe5 Rd2 38. Rxb5 Rxg2 39. h3 Rh2 40. c4 Rxh3 41. c5 Rh2 42. c6 Rc2 43. Kd5 Rd2+ 44. Ke6 Rc2 45. Kd6 h5 46. c7 h4 47. Rc5 Rd2+ 48. Kc6 Rxb2 49. c8Q Rb6+ 50. Kd5 1-0

[Event "Titled Tuesday intern op 19th Dec Early"]
[Site "Chess.com INT"]
[Date "2023.12.19"]
[Round "6"]
[White "Cervantes Landeiro, Thalia"]
[Black "Jumabayev, Rinat"]
[Result "0-1"]
[WhiteElo "2184"]
[BlackElo "2598"]
[PlyCount "96"]
[EventDate "2023.12.19"]
[EventType "swiss (blitz)"]
[EventRounds "11"]
[EventCountry "USA"]
[SourceTitle "CB52_2023"]
[SourceDate "2023.12.27"]
[SourceVersion "1"]
[SourceVersionDate "2023.12.27"]
[SourceQuality "1"]

1. d4 Nf6 2. c4 e6 3. Nf3 Bb4+ 4. Nbd2 0-0 5. a3 Be7 6. e4 d6 7. Be2 Nfd7 8. b4 e5 9. d5 a5 10. Bb2 c6 11. 0-0 cxd5 12. cxd5 Nb6 13. bxa5 Rxa5 14. Bc3 Ra8 15. a4 Na6 16. a5 Nd7 17. Nb3 Ndc5 18. Nfd2 Bg5 19. Nxc5 Nxc5 20. Bb4 Bxd2 21. Bxc5 Rxa5 22. Qxd2 Rxc5 23. Rfb1 Qc7 24. h3 f5 25. Bd3 f4 26. f3 Bd7 27. Ra7 Rb8 28. Qb2 Bc8 29. Qb6 Kf7 30. Kh2 Qxb6 31. Rxb6 Ke7 32. Ba6 Rc7 33. h4 g6 34. Bb5 h6 35. Bc6 g5 36. hxg5 hxg5 37. Bb5 g4 38. fxg4 Bxg4 39. Bc6 Rh8+ 40. Kg1 Bc8 41. Bxb7 Rh7 42. Bxc8 Rxa7 43. Be6 Rg7 44. Kf1 Ra1+ 45. Kf2 Ra2+ 46. Ke1 Rgxg2 47. Rb7+ Kf6 48. Rf7+ Kg6 0-1

[Event "Titled Tuesday intern op 19th Sep Late"]
[Site "Chess.com INT"]
[Date "2023.09.19"]
[Round "4"]
[White "Vlassov, Nikolai"]
[Black "Cervantes Landeiro, Thalia"]
[Result "1-0"]
[WhiteElo "2283"]
[BlackElo "2303"]
[PlyCount "35"]
[EventDate "2023.09.19"]
[EventType "swiss (blitz)"]
[EventRounds "11"]
[EventCountry "USA"]
[SourceTitle "EXT 2024"]
[Source "ChessBase"]
[SourceDate "2023.10.10"]
[SourceVersion "1"]
[SourceVersionDate "2023.10.10"]
[SourceQuality "1"]

1. e4 c5 2. c3 Nf6 3. e5 Nd5 4. d4 cxd4 5. cxd4 Nc6 6. Nc3 e6 7. f4 d6 8. Nf3 dxe5 9. fxe5 Bb4 10. Qd3 0-0 11. Bd2 f6 12. exf6 Qxf6 13. Be2 Nf4 14. Bxf4 Qxf4 15. 0-0 Rd8 16. Rad1 Nxd4 17. Nxd4 Qe4 18. Qxe4 1-0

[Event "Titled Tuesday intern op 12th Sep Late"]
[Site "Chess.com INT"]
[Date "2023.09.12"]
[Round "1"]
[White "Bluebaum, Matthias"]
[Black "Cervantes Landeiro, Thalia"]
[Result "1-0"]
[WhiteElo "2670"]
[BlackElo "2303"]
[PlyCount "67"]
[EventDate "2023.09.12"]
[EventType "swiss (blitz)"]
[EventRounds "11"]
[EventCountry "USA"]
[SourceTitle "EXT 2024"]
[Source "ChessBase"]
[SourceDate "2023.10.10"]
[SourceVersion "1"]
[SourceVersionDate "2023.10.10"]
[SourceQuality "1"]

1. d4 Nf6 2. c4 g6 3. Nc3 d5 4. cxd5 Nxd5 5. e4 Nxc3 6. bxc3 Bg7 7. Nf3 c5 8. Bb5+ Nd7 9. 0-0 0-0 10. Re1 a6 11. Bf1 b5 12. a4 b4 13. cxb4 cxb4 14. a5 Bb7 15. Qa4 Rb8 16. Bf4 e5 17. dxe5 Nc5 18. Qxb4 Ne6 19. Be3 Bc6 20. Bb6 Qc8 21. Rac1 Qb7 22. Bxa6 Qxa6 23. Rxc6 Nf4 24. Qc4 Qxc4 25. Rxc4 Nd3 26. Rb1 Nxe5 27. Nxe5 Bxe5 28. g3 Rfe8 29. a6 Ra8 30. a7 Re6 31. f4 Bf6 32. e5 Be7 33. Be3 f6 34. Rb8+ 1-0

[Event "Titled Tuesday intern op 12th Sep Late"]
[Site "Chess.com INT"]
[Date "2023.09.12"]
[Round "3"]
[White "Mesquita, Eduardo Barbosa"]
[Black "Cervantes Landeiro, Thalia"]
[Result "0-1"]
[WhiteElo "2008"]
[BlackElo "2303"]
[PlyCount "102"]
[EventDate "2023.09.12"]
[EventType "swiss (blitz)"]
[EventRounds "11"]
[EventCountry "USA"]
[SourceTitle "EXT 2024"]
[Source "ChessBase"]
[SourceDate "2023.10.10"]
[SourceVersion "1"]
[SourceVersionDate "2023.10.10"]
[SourceQuality "1"]

1. e4 c5 2. Nf3 d6 3. d4 cxd4 4. Nxd4 Nf6 5. Nc3 Bd7 6. f3 Nc6 7. Be3 e5 8. Ndb5 Be6 9. Qd2 a6 10. Na3 b5 11. Nd5 Bxd5 12. exd5 Ne7 13. c4 Nf5 14. Bf2 bxc4 15. g4 Nd4 16. Bxd4 exd4 17. Qxd4 Qa5+ 18. Kf2 Be7 19. g5 Nd7 20. Qxg7 0-0-0 21. Nxc4 Qc5+ 22. Ne3 Rhg8 23. Bxa6+ Kb8 24. Qc3 Bxg5 25. Rac1 Bxe3+ 26. Qxe3 Rg2+ 27. Kxg2 Qxe3 28. Rc3 Rg8+ 29. Kf1 Qd4 30. Be2 Qxd5 31. Kf2 Qd4+ 32. Kf1 Nc5 33. Rc4 Qxb2 34. Kf2 Nd3+ 35. Ke3 Re8+ 36. Re4 Rxe4+ 37. fxe4 Nc5 38. Rd1 Qc3+ 39. Kf4 Qe5+ 40. Ke3 Qxe4+ 41. Kd2 Qf4+ 42. Ke1 Qxh2 43. Rb1+ Kc7 44. Rb2 Qg1+ 45. Kd2 Qd4+ 46. Kc2 Qe4+ 47. Kd2 Qd4+ 48. Kc2 Ne4 49. Kc1 Qg1+ 50. Kc2 Qc5+ 51. Kd1 Nc3+ 0-1

[Event "Titled Tuesday intern op 05th Sep Early"]
[Site "Chess.com INT"]
[Date "2023.09.05"]
[Round "6"]
[White "Yuan, Qingyu"]
[Black "Cervantes Landeiro, Thalia"]
[Result "1-0"]
[WhiteElo "2380"]
[BlackElo "2303"]
[PlyCount "83"]
[EventDate "2023.09.05"]
[EventType "swiss (blitz)"]
[EventRounds "11"]
[EventCountry "USA"]
[SourceTitle "EXT 2024"]
[Source "ChessBase"]
[SourceDate "2023.10.10"]
[SourceVersion "1"]
[SourceVersionDate "2023.10.10"]
[SourceQuality "1"]

1. e4 c5 2. Nf3 d6 3. Bb5+ Nd7 4. c3 a6 5. Ba4 b5 6. Bc2 Bb7 7. 0-0 Ngf6 8. Qe2 c4 9. b3 Qc7 10. bxc4 bxc4 11. Na3 Nb6 12. e5 dxe5 13. Nxe5 Rc8 14. Rb1 e6 15. Rxb6 Qxb6 16. Ba4+ Kd8 17. Nxf7+ Kc7 18. Nxc4 Qc5 19. Nxh8 Kb8 20. Qe5+ Ka7 21. Qxc5+ Rxc5 22. Bb3 Bd5 23. d3 Rc7 24. Bf4 Rb7 25. Ne5 Bxb3 26. axb3 Rxb3 27. c4 Bc5 28. Nhf7 a5 29. Nd8 a4 30. Nxe6 Bb4 31. Nd4 Rb2 32. Nec6+ Kb6 33. Nxb4 Rxb4 34. Be3 Ka6 35. Ra1 Nd7 36. Nc6 Rb2 37. Rxa4+ Kb7 38. Na5+ Ka6 39. Ra1 Ne5 40. Nb3+ Kb7 41. Nc5+ Kc6 42. h3 1-0

[Event "Titled Tuesday intern op 29th Aug Late"]
[Site "Chess.com INT"]
[Date "2023.08.29"]
[Round "1"]
[White "Cervantes Landeiro, Thalia"]
[Black "Hakobyan, Aram"]
[Result "1-0"]
[WhiteElo "2303"]
[BlackElo "2612"]
[PlyCount "95"]
[EventDate "2023.08.29"]
[EventType "swiss (blitz)"]
[EventRounds "11"]
[EventCountry "USA"]
[SourceTitle "EXT 2024"]
[Source "ChessBase"]
[SourceDate "2023.10.10"]
[SourceVersion "1"]
[SourceVersionDate "2023.10.10"]
[SourceQuality "1"]

1. d4 Nf6 2. c4 e6 3. Nf3 c5 4. d5 exd5 5. cxd5 d6 6. Nc3 g6 7. Nd2 Nbd7 8. e4 Bg7 9. Be2 0-0 10. 0-0 a6 11. a4 Re8 12. Qc2 Rb8 13. h3 Qe7 14. Re1 g5 15. Nc4 h6 16. Bd3 Nh5 17. Ne3 Ne5 18. Bf1 Nf4 19. Bd2 Qf6 20. Nf5 Bf8 21. Bxf4 gxf4 22. Qd2 Qg5 23. Kh1 Bxf5 24. exf5 Qxf5 25. f3 Bg7 26. Ne4 Rbd8 27. Rad1 Kf8 28. b4 c4 29. b5 axb5 30. axb5 Re7 31. Rc1 Rc7 32. Qb4 Qg6 33. Bxc4 f5 34. Nd2 Rdc8 35. b6 Rc5 36. Rxe5 Bxe5 37. Nb3 Qg3 38. Nxc5 Rxc5 39. Qa4 Qf2 40. Qa8+ Kg7 41. Qxb7+ Kg6 42. Qd7 Qb2 43. Qe8+ Kh7 44. Qf7+ Bg7 45. Qxf5+ Kg8 46. Qe6+ Kh8 47. Qe8+ Kh7 48. Bd3# 1-0

[Event "Titled Tuesday intern op 29th Aug Late"]
[Site "Chess.com INT"]
[Date "2023.08.29"]
[Round "2"]
[White "Cervantes Landeiro, Thalia"]
[Black "Moskalenko, Alexander"]
[Result "0-1"]
[WhiteElo "2303"]
[BlackElo "2443"]
[PlyCount "138"]
[EventDate "2023.08.29"]
[EventType "swiss (blitz)"]
[EventRounds "11"]
[EventCountry "USA"]
[SourceTitle "EXT 2024"]
[Source "ChessBase"]
[SourceDate "2023.10.10"]
[SourceVersion "1"]
[SourceVersionDate "2023.10.10"]
[SourceQuality "1"]

1. d4 b6 2. c4 Bb7 3. Nf3 e6 4. g3 f5 5. Bg2 Bb4+ 6. Nbd2 Nf6 7. 0-0 Bxd2 8. Bxd2 0-0 9. b4 Be4 10. Qb3 d6 11. Bc3 Nbd7 12. Nd2 Bxg2 13. Kxg2 Qe8 14. Rae1 Ne4 15. f3 Nxd2 16. Bxd2 Qg6 17. Qd3 e5 18. e4 fxe4 19. Qxe4 Qxe4 20. Rxe4 exd4 21. Rxd4 Rae8 22. Re1 Rxe1 23. Bxe1 Re8 24. Kf2 Ne5 25. Bc3 a6 26. Re4 Kf7 27. Kg2 g6 28. c5 bxc5 29. bxc5 Nd3 30. Rxe8 Kxe8 31. cxd6 cxd6 32. f4 Ke7 33. Kf3 Ke6 34. Ke4 Nf2+ 35. Kf3 Nd3 36. Ke4 Nc5+ 37. Kd4 Nd7 38. Kc4 h5 39. Kb4 Nc5 40. Bd4 Kd5 41. Bg1 Kc6 42. h3 Ne4 43. g4 hxg4 44. hxg4 Nf6 45. g5 Nd5+ 46. Ka5 Kb7 47. Bh2 Ne3 48. Bg1 Nf5 49. Bf2 d5 50. a3 Kc6 51. Kxa6 d4 52. a4 d3 53. Be1 Nd4 54. a5 Nf3 55. Bc3 d2 56. Bxd2 Nxd2 57. Ka7 Ne4 58. f5 gxf5 59. g6 Nf6 60. a6 Kc7 61. Ka8 f4 62. g7 f3 63. g8Q Nxg8 64. a7 Kd7 65. Kb8 f2 66. a8Q f1Q 67. Qa7+ Ke8 68. Qa4+ Kf8 69. Qb4+ Ne7 0-1

[Event "Belgrade Serbia op"]
[Site "Belgrade"]
[Date "2023.07.24"]
[Round "9"]
[White "Yalcinkaya, Efe"]
[Black "Cervantes Landeiro, Thalia"]
[Result "0-1"]
[WhiteElo "1907"]
[BlackElo "2291"]
[PlyCount "58"]
[EventDate "2023.07.16"]
[EventType "swiss"]
[EventRounds "9"]
[EventCountry "SRB"]
[SourceTitle "EXT 2024"]
[Source "ChessBase"]
[SourceDate "2023.10.10"]
[SourceVersion "1"]
[SourceVersionDate "2023.10.10"]
[SourceQuality "1"]

1. e4 c5 2. Nf3 d6 3. d4 cxd4 4. Nxd4 Nf6 5. Nc3 Bd7 6. Bg5 e6 7. Qd3 a6 8. 0-0-0 Be7 9. Be2 Nc6 10. h4 b5 11. Bxf6 gxf6 12. a3 Qb6 13. Nxc6 Bxc6 14. f4 b4 15. axb4 Qxb4 16. f5 Rb8 17. Qxa6 Kd7 18. fxe6+ fxe6 19. Bg4 f5 20. exf5 Qxg4 21. fxe6+ Qxe6 22. Rhe1 Qh6+ 23. Kb1 Rxb2+ 24. Kxb2 Rb8+ 25. Nb5 Rxb5+ 26. Ka2 Qg7 27. Qa7+ Rb7 28. Qd4 Qg8+ 29. c4 Qa8+ 0-1

[Event "Belgrade Serbia op"]
[Site "Belgrade"]
[Date "2023.07.23"]
[Round "8"]
[White "Cervantes Landeiro, Thalia"]
[Black "Granovskiy, Alexandr"]
[Result "1/2-1/2"]
[WhiteElo "2291"]
[BlackElo "2143"]
[PlyCount "108"]
[EventDate "2023.07.16"]
[EventType "swiss"]
[EventRounds "9"]
[EventCountry "SRB"]
[SourceTitle "EXT 2024"]
[Source "ChessBase"]
[SourceDate "2023.10.10"]
[SourceVersion "1"]
[SourceVersionDate "2023.10.10"]
[SourceQuality "1"]

1. d4 d5 2. c4 e6 3. Nc3 h6 4. cxd5 exd5 5. Bf4 c6 6. Qc2 Nf6 7. e3 Bd6 8. Bxd6 Qxd6 9. Bd3 0-0 10. Nf3 Nbd7 11. h3 Qe7 12. 0-0-0 b5 13. g4 Bb7 14. Kb1 a6 15. Rhg1 c5 16. g5 hxg5 17. Rxg5 b4 18. Rdg1 bxc3 19. Ne5 Nxe5 20. Rxg7+ Kh8 21. dxe5 Qxe5 22. R1g5 Qe6 23. Qd1 Qxh3 24. Rg3 Qh6 25. Qf3 Ne4 26. Qf5 Qxg7 27. Rxg7 Kxg7 28. f3 Rh8 29. fxe4 Rh1+ 30. Kc2 c4 31. Qe5+ Kf8 32. Be2 cxb2 33. Kxb2 dxe4 34. Qc7 Bc8 35. Bxc4 Be6 36. Qc5+ Kg8 37. Qg5+ Kh7 38. Bxe6 fxe6 39. Qe7+ Kh8 40. Qf6+ Kh7 41. Qxe6 Rb8+ 42. Ka3 Rhb1 43. Qxe4+ Kg7 44. Qd4+ Kf7 45. Qc4+ Ke7 46. e4 R8b6 47. Qc5+ Ke6 48. Qc8+ Ke7 49. Qc5+ Ke6 50. Qf5+ Ke7 51. Qg5+ Ke6 52. Qd2 R1b5 53. Ka4 Ke5 54. Qe3 Rb4+ 1/2-1/2

[Event "CAN Transnational op"]
[Site "Montreal"]
[Date "2023.06.09"]
[Round "4"]
[White "Cervantes Landeiro, Thalia"]
[Black "Krishnan, Varun"]
[Result "1-0"]
[WhiteElo "2271"]
[BlackElo "2378"]
[PlyCount "125"]
[EventDate "2023.06.06"]
[EventType "swiss"]
[EventRounds "9"]
[EventCountry "CAN"]
[SourceTitle "CBM 214 Extra"]
[Source "ChessBase"]
[SourceDate "2023.07.31"]
[SourceVersion "1"]
[SourceVersionDate "2023.07.31"]
[SourceQuality "1"]

1. d4 d5 2. c4 e6 3. Nc3 c6 4. e3 Nf6 5. Nf3 Nbd7 6. Bd3 dxc4 7. Bxc4 b5 8. Bd3 a6 9. 0-0 c5 10. a4 b4 11. Ne4 Bb7 12. Nxc5 Nxc5 13. dxc5 Bxc5 14. Qe2 Qe7 15. e4 e5 16. Nh4 g6 17. Nf3 0-0 18. Bg5 Kg7 19. Rac1 Rfd8 20. Bc4 Bb6 21. a5 Bc7 22. Qe3 Bxa5 23. Bh6+ Kg8 24. Ng5 Rf8 25. Bxf8 Rxf8 26. Ra1 Bd8 27. h3 a5 28. Rfd1 Kg7 29. Qa7 Bxe4 30. Qxe7 Bxe7 31. Rxa5 Bc2 32. Rd2 b3 33. Ra7 Ng8 34. Nf3 e4 35. Nd4 Bb4 36. Re2 Rc8 37. Rxf7+ Kh6 38. Nxc2 bxc2 39. Rxc2 Bd6 40. b3 Ra8 41. g4 Be5 42. h4 Ra5 43. Re2 g5 44. Rxe4 gxh4 45. Rf5 Ra1+ 46. Kg2 Bc7 47. Re6+ Kg7 48. Rg5+ Kf8 49. Rxg8+ Kxg8 50. Re1+ Kg7 51. Rxa1 Be5 52. Re1 Kf6 53. b4 Bc3 54. Re6+ Kg5 55. b5 Kxg4 56. b6 h3+ 57. Kh1 Ba5 58. b7 Bc7 59. Rc6 Bf4 60. Be6+ Kf3 61. Bxh3 Kxf2 62. Rf6 Kg3 63. Rxf4 1-0

[Event "CAN Transnational op"]
[Site "Montreal"]
[Date "2023.06.09"]
[Round "5"]
[White "Cervantes Landeiro, Thalia"]
[Black "Meskovs, Nikita"]
[Result "0-1"]
[WhiteElo "2271"]
[BlackElo "2573"]
[PlyCount "86"]
[EventDate "2023.06.06"]
[EventType "swiss"]
[EventRounds "9"]
[EventCountry "CAN"]
[SourceTitle "CBM 214 Extra"]
[Source "ChessBase"]
[SourceDate "2023.07.31"]
[SourceVersion "1"]
[SourceVersionDate "2023.07.31"]
[SourceQuality "1"]

1. d4 Nf6 2. c4 e6 3. Nf3 a6 4. Nc3 d5 5. cxd5 exd5 6. Bg5 Be6 7. e3 Nbd7 8. Bd3 Bd6 9. 0-0 0-0 10. e4 dxe4 11. Bxe4 Qb8 12. d5 Bg4 13. h3 Bh5 14. Bf5 Re8 15. Qd3 Qa7 16. Rae1 Bg6 17. Nh4 Qb6 18. Be3 Qb4 19. Qd4 Qxb2 20. Rb1 Qa3 21. Nxg6 hxg6 22. Bxd7 Nxd7 23. Rxb7 Be5 24. Qa4 Qxc3 25. Qxd7 Bd6 26. Rb3 Qe5 27. g3 Qxd5 28. Qg4 Re4 29. Qd1 Qe6 30. Kg2 a5 31. Qf3 Re8 32. Rfb1 Ra4 33. Rb8 Rb4 34. R1xb4 axb4 35. Qa8 Rxb8 36. Qxb8+ Kh7 37. Qd8 Qd5+ 38. Kg1 f6 39. Bf4 Qxa2 40. Bxd6 cxd6 41. Qxd6 b3 42. Qd5 Qc2 43. Qd4 b2 0-1